• 首页
  • 本馆介绍
  • 公告通知
  • 最新文献
  • 馆藏检索
  • 电子资源
  • 读者导购
  • 参考咨询
  • 我的图书馆
  • 登录
  • 详细信息显示
  • 放入我的书架
  • 预约/预借图书
  • 作者相关作品
  • 分类相关作品
  • 丛书相关作品
  • 出版社相关作品

书目信息

  • 表格格式
  • 工作单格式
  • 卡片格式
题名:
会计信息质量与内部控制研究
    
 
作者: 马雁 , 陈平 , 宋亚军 著
分册:  
出版信息: 沈阳   辽海出版社  2019
页数: 290页
开本: 24cm
丛书名:
单 册:
中图分类: F231.6
科图分类:
主题词: 会计检查--hui ji jian cha--研究
电子资源:
ISBN: 978-7-5451-4529-8
000 00994nam0 2200253 450
001 2151107078
005 20211018173724.0
010    @a978-7-5451-4529-8@dCNY68.00
100    @a20190226d2019 em y0chiy50 ea
101 0  @achi
102    @aCN@b210000
105    @ay z 000yy
106    @ar
200 1  @a会计信息质量与内部控制研究@Ahui ji xin xi zhi liang yu nei bu kong zhi yan jiu@f马雁,陈平,宋亚军著
210    @a沈阳@c辽海出版社@d2019
215    @a290页@d24cm
330    @a本书分10章详细论述会计信息质量与内部控制问题,包括三部分内容:会计信息质量、内部控制以及会计信息质量与内部控制的关系。具体包括会计信息质量和内部控制理论的国内外研究现状;会计信息质量和内部控制的含义、制度、内容、原则、方法等;会计信息质量与内部控制的案例分析。
606 0  @a会计检查@Ahui ji jian cha@x研究
690    @aF231.6@v5
701  0 @a马雁@Ama yan@4著
701  0 @a陈平@Achen ping@4著
701  0 @a宋亚军@Asong ya jun@4著
801  0 @aCN@b百万庄@c20211016
905    @b1309920-23@dF231.6@e779@f4
    
    会计信息质量与内部控制研究/马雁,陈平,宋亚军著.-沈阳:辽海出版社,2019
    290页;24cm
    
    
    ISBN 978-7-5451-4529-8:CNY68.00
    本书分10章详细论述会计信息质量与内部控制问题,包括三部分内容:会计信息质量、内部控制以及会计信息质量与内部控制的关系。具体包括会计信息质量和内部控制理论的国内外研究现状;会计信息质量和内部控制的含义、制度、内容、原则、方法等;会计信息质量与内部控制的案例分析。
●
相关链接 在E读中查询图书 在五车中查询图书 在当当中查询图书 在豆瓣中查询图书


正题名:会计信息质量与内部控制研究     索取号:F231.6/779         预约/预借

序号 登录号 条形码 馆藏地/架位号 状态 备注
1 1309920   213099207   第一样本阅览室/ [索取号:F231.6/779] 在馆    
2 1309921   213099216   第一借阅区/ [索取号:F231.6/779] 在馆    
3 1309922   213099225   第一借阅区/ [索取号:F231.6/779] 在馆    
4 1309923   213099234   第一借阅区/ [索取号:F231.6/779] 在馆    
唐山师范学院图书馆 欢迎您!
大连网信软件有限公司© 版权所有